Endodontics : (Record no. 36747)

MARC details
000 -LEADER
fixed length control field 00613nam a22002057a 4500
005 - DATE AND TIME OF LATEST TRANSACTION
control field 20241101170456.0
008 - FIXED-LENGTH DATA ELEMENTS--GENERAL INFORMATION
fixed length control field 241101b |||||||| |||| 00| 0 eng d
020 ## - INTERNATIONAL STANDARD BOOK NUMBER
ISBN 978-0323624367
082 ## - DEWEY DECIMAL CLASSIFICATION NUMBER
Classification number 617.6342
Item number TOR-E
100 ## - MAIN ENTRY--AUTHOR
Author Name Torabinejad, Mahmoud
245 ## - TITLE STATEMENT
Title Endodontics :
Remainder of title principles and practice /
Statement of responsibility, etc. by Richard E.Walton, Ashraf F. Fouad
250 ## - EDITION STATEMENT
Edition statement 6th ed.
260 ## - PUBLICATION, DISTRIBUTION, ETC.
Place of Publication India:
Name of publisher, distributor, etc. Elsevier;
Date of publication, distribution, etc. 2021.
300 ## - PHYSICAL DESCRIPTION
Pages viii, 493 p. :
500 ## - GENERAL NOTE
General note include index.
650 ## - SUBJECT ADDED ENTRY--TOPICAL TERM
Subject / Department Dentistry / Medical
650 ## - SUBJECT ADDED ENTRY--TOPICAL TERM
Subject / Department Endodontics / Dentistry
700 ## - ADDED ENTRY--PERSONAL NAME
Personal name Fouad, Ashraf F.
300 ## - PHYSICAL DESCRIPTION
-- ill. ;
-- 28 cm .
952 ## - LOCATION AND ITEM INFORMATION (KOHA)
-- 0
-- 0
952 ## - LOCATION AND ITEM INFORMATION (KOHA)
-- 0
-- 0
952 ## - LOCATION AND ITEM INFORMATION (KOHA)
-- 0
-- 0
952 ## - LOCATION AND ITEM INFORMATION (KOHA)
-- 0
-- 0
Holdings
Lost status Damaged status Collection code Permanent Location Current Location Shelving Location Date acquired Full Call Number Accession No./Barcode Date last seen Copy number item type Koha item type
    Medical Superior Information Resource Center (SIRC) Superior University- Main Campus Superior Information Resource Center (SIRC) Superior University- Main Campus Dentistry 11/01/2024 617.6342 TOR-E 2021 29695 11/01/2024 1 BOOK BOOK
    Medical Superior Information Resource Center (SIRC) Superior University- Main Campus Superior Information Resource Center (SIRC) Superior University- Main Campus Dentistry 11/01/2024 617.6342 TOR-E 2021 29696 11/01/2024 2 BOOK BOOK
    Medical Superior Information Resource Center (SIRC) Superior University- Main Campus Superior Information Resource Center (SIRC) Superior University- Main Campus Dentistry 11/01/2024 617.6342 TOR-E 2021 29697 11/01/2024 3 BOOK BOOK
    Medical Superior Information Resource Center (SIRC) Superior University- Main Campus Superior Information Resource Center (SIRC) Superior University- Main Campus Dentistry 11/01/2024 617.6342 TOR-E 2021 29698 11/01/2024 4 BOOK BOOK

Powered by Koha